| Tag |
First Indicator |
Second Indicator |
Subfields |
| LEADER |
00000cas a2200000 4500 |
| 001 |
in00000037495 |
| 005 |
20151007074325.0 |
| 008 |
751101c19349999pauqr p bo 0 a0eng |
| 010 |
|
|
|a 37005938
|
| 016 |
7 |
|
|a 100969843
|2 DNLM
|
| 016 |
7 |
|
|a 007191621
|2 Uk
|
| 019 |
|
|
|a 3721711
|
| 022 |
0 |
|
|a 0031-4528
|l 0031-4528
|2 1
|
| 029 |
1 |
|
|a NLM
|b 100969843
|
| 029 |
1 |
|
|a AU@
|b 000000889803
|
| 032 |
|
|
|a 778200
|b USPS
|
| 035 |
|
|
|a (OCoLC)ocm01762058
|
| 035 |
|
|
|a (OCoLC)1762058
|z (OCoLC)3721711
|
| 040 |
|
|
|a DLC
|b eng
|c MUL
|d YUS
|d DLC
|d NSD
|d AIP
|d NSD
|d AIP
|d OCL
|d EBZ
|d NSD
|d WAU
|d ZCU
|d WAU
|d GUA
|d SYS
|d DLC
|d NYG
|d CLU
|d GUA
|d NLM
|d OCLCQ
|d WAU
|d IUL
|d DLC
|d CUS
|d DLC
|d OCLCQ
|d CUS
|d UKMGB
|d OCLCQ
|d OCLCF
|d UtOrBLW
|
| 042 |
|
|
|a pcc
|a nsdp
|
| 043 |
|
|
|a n-us-pa
|
| 049 |
|
|
|a TXAM
|
| 050 |
0 |
0 |
|a F146
|b .P597
|
| 082 |
0 |
4 |
|a 974.8005
|
| 210 |
0 |
|
|a Pa. hist.
|
| 222 |
|
0 |
|a Pennsylvania history
|
| 245 |
0 |
0 |
|a Pennsylvania history.
|
| 264 |
|
1 |
|a [University Park, Pa. etc.] :
|b [Pennsylvania Historical Association, etc.]
|
| 300 |
|
|
|a volumes ;
|c 23 cm.
|
| 310 |
|
|
|a Quarterly
|
| 336 |
|
|
|a text
|b txt
|2 rdacontent
|
| 337 |
|
|
|a unmediated
|b n
|2 rdamedia
|
| 338 |
|
|
|a volume
|b nc
|2 rdacarrier
|
| 362 |
0 |
|
|a v. 1- Jan. 1934-
|
| 500 |
|
|
|a Official organ of the Pennsylvania Historical Association.
|
| 504 |
|
|
|a Includes bibliographical references.
|
| 520 |
|
|
|a Includes section "Book reviews and Book notices."
|
| 525 |
|
|
|a Supplements accompany some volumes.
|
| 525 |
|
|
|a Vols. for 1997-1999 have annual, unnumbered special supplemental issues with title: Empire, society and labor, 1997; Explorations in early American culture, Pennsylvania history, 1998; Explorations in early American culture, 1999. Beginning in 2000, published separately with its own vol. numbering.
|
| 530 |
|
|
|a Also issued in electronic format.
|
| 588 |
|
|
|a Latest issue consulted: Vol. 66, no. 1 (winter 1999).
|
| 651 |
|
0 |
|a Pennsylvania
|x History
|v Periodicals.
|
| 651 |
|
7 |
|a Pennsylvania.
|2 fast
|0 (OCoLC)fst01204598
|
| 655 |
|
7 |
|a History.
|2 fast
|0 (OCoLC)fst01411628
|
| 655 |
|
7 |
|a Periodicals.
|2 fast
|0 (OCoLC)fst01411641
|
| 710 |
2 |
|
|a Pennsylvania Historical Association.
|
| 730 |
0 |
|
|a Explorations in early American culture.
|
| 740 |
0 |
2 |
|a Empire, society and labor.
|
| 740 |
0 |
2 |
|a Explorations in early American culture, Pennsylvania history.
|
| 776 |
0 |
8 |
|i Online version:
|t Pennsylvania history
|x 2153-2109
|w (DLC) 2010200023
|w (OCoLC)62448278
|
| 776 |
0 |
8 |
|i Online version:
|t Pennsylvania history
|w (OCoLC)564957629
|
| 776 |
0 |
8 |
|i Online version:
|t Pennsylvania history
|w (OCoLC)607640503
|
| 787 |
1 |
|
|t Explorations in early American culture
|w (DLC) 2001252205
|w (OCoLC)40803397
|
| 891 |
0 |
3 |
|9 853
|8 1
|a v.
|b no.
|u 4
|v r
|i (year)
|j (month)
|w q
|
| 891 |
4 |
0 |
|9 863
|8 1.1
|a 1
|i 1934
|j 01
|
| 891 |
2 |
0 |
|9 853
|8 2
|a v.
|b no.
|u 4
|v r
|i (year)
|j (season)
|w q
|x 24
|y ps24,21,22,23
|
| 891 |
4 |
1 |
|9 863
|8 2.1
|a <68>
|b <2>
|i <2001>
|j <21>
|
| 949 |
|
|
|a updated
|b h
|c 2014/7/17
|e spoltoratski
|f 11:01:44 am
|g m
|
| 994 |
|
|
|a C0
|b TXA
|
| 999 |
|
|
|a MARS
|
| 999 |
f |
f |
|s 90e1af5e-4ce5-327c-aa45-25e44250b710
|i 9750a3b3-1d65-33dc-a766-334a2e8ff6b5
|t 0
|
| 952 |
f |
f |
|p ric
|a Texas A&M University
|b Rellis Campus
|c Joint Library Facility
|d Remote Storage
|t 0
|e F146 .P597
|h Library of Congress classification
|i unmediated -- volume
|k v.57
|l 1990
|m A14812939783
|
| 952 |
f |
f |
|p ric
|a Texas A&M University
|b Rellis Campus
|c Joint Library Facility
|d Remote Storage
|t 0
|e F146 .P597
|h Library of Congress classification
|i unmediated -- volume
|k v.66:no.3-4
|l 1999:Summer-Fall
|m A14826474591
|
| 952 |
f |
f |
|p ric
|a Texas A&M University
|b Rellis Campus
|c Joint Library Facility
|d Remote Storage
|t 0
|e F146 .P597
|h Library of Congress classification
|i unmediated -- volume
|k v.64
|l 1997
|m A14823505563
|
| 952 |
f |
f |
|p ric
|a Texas A&M University
|b Rellis Campus
|c Joint Library Facility
|d Remote Storage
|t 0
|e F146 .P597
|h Library of Congress classification
|i unmediated -- volume
|k v.64:Suppl.
|l 1997:Summer
|m A14824882447
|
| 952 |
f |
f |
|p ric
|a Texas A&M University
|b Rellis Campus
|c Joint Library Facility
|d Remote Storage
|t 0
|e F146 .P597
|h Library of Congress classification
|i unmediated -- volume
|k v.61
|l 1994
|m A14819399641
|
| 952 |
f |
f |
|p ric
|a Texas A&M University
|b Rellis Campus
|c Joint Library Facility
|d Remote Storage
|t 0
|e F146 .P597
|h Library of Congress classification
|i unmediated -- volume
|k v.53/54
|l 1986/1987
|m A14811425692
|
| 952 |
f |
f |
|p ric
|a Texas A&M University
|b Rellis Campus
|c Joint Library Facility
|d Remote Storage
|t 0
|e F146 .P597
|h Library of Congress classification
|i unmediated -- volume
|k v.75
|l 2008
|m A14834765875
|
| 952 |
f |
f |
|p ric
|a Texas A&M University
|b Rellis Campus
|c Joint Library Facility
|d Remote Storage
|t 0
|e F146 .P597
|h Library of Congress classification
|i unmediated -- volume
|k v.68
|l 2001
|m A14830351284
|
| 952 |
f |
f |
|p ric
|a Texas A&M University
|b Rellis Campus
|c Joint Library Facility
|d Remote Storage
|t 0
|e F146 .P597
|h Library of Congress classification
|i unmediated -- volume
|k v.76
|l 2009
|m A14839098053
|
| 952 |
f |
f |
|p ric
|a Texas A&M University
|b Rellis Campus
|c Joint Library Facility
|d Remote Storage
|t 0
|e F146 .P597
|h Library of Congress classification
|i unmediated -- volume
|k v.60
|l 1993
|m A14817885581
|
| 952 |
f |
f |
|p ric
|a Texas A&M University
|b Rellis Campus
|c Joint Library Facility
|d Remote Storage
|t 0
|e F146 .P597
|h Library of Congress classification
|i unmediated -- volume
|k v.47/48
|l 1980/1981
|m A14833255136
|
| 952 |
f |
f |
|p ric
|a Texas A&M University
|b Rellis Campus
|c Joint Library Facility
|d Remote Storage
|t 0
|e F146 .P597
|h Library of Congress classification
|i unmediated -- volume
|k v.62
|l 1995
|m A14819934386
|
| 952 |
f |
f |
|p ric
|a Texas A&M University
|b Rellis Campus
|c Joint Library Facility
|d Remote Storage
|t 0
|e F146 .P597
|h Library of Congress classification
|i unmediated -- volume
|k v.66:no.1-2
|l 1999:Winter-Spring
|m A14826474630
|
| 952 |
f |
f |
|p ric
|a Texas A&M University
|b Rellis Campus
|c Joint Library Facility
|d Remote Storage
|t 0
|e F146 .P597
|h Library of Congress classification
|i unmediated -- volume
|k v.67
|l 2000
|m A14828593155
|
| 952 |
f |
f |
|p ric
|a Texas A&M University
|b Rellis Campus
|c Joint Library Facility
|d Remote Storage
|t 0
|e F146 .P597
|h Library of Congress classification
|i unmediated -- volume
|k v.69
|l 2002
|m A14830640895
|
| 952 |
f |
f |
|p ric
|a Texas A&M University
|b Rellis Campus
|c Joint Library Facility
|d Remote Storage
|t 0
|e F146 .P597
|h Library of Congress classification
|i unmediated -- volume
|k v.59
|l 1992
|m A14816133567
|
| 952 |
f |
f |
|p ric
|a Texas A&M University
|b Rellis Campus
|c Joint Library Facility
|d Remote Storage
|t 0
|e F146 .P597
|h Library of Congress classification
|i unmediated -- volume
|k v.72
|l 2005
|m A14834465823
|
| 952 |
f |
f |
|p ric
|a Texas A&M University
|b Rellis Campus
|c Joint Library Facility
|d Remote Storage
|t 0
|e F146 .P597
|h Library of Congress classification
|i unmediated -- volume
|k v.73
|l 2006
|m A14835865270
|
| 952 |
f |
f |
|p ric
|a Texas A&M University
|b Rellis Campus
|c Joint Library Facility
|d Remote Storage
|t 0
|e F146 .P597
|h Library of Congress classification
|i unmediated -- volume
|k v.51/52
|l 1984/1985
|m A14833255055
|
| 952 |
f |
f |
|p ric
|a Texas A&M University
|b Rellis Campus
|c Joint Library Facility
|d Remote Storage
|t 0
|e F146 .P597
|h Library of Congress classification
|i unmediated -- volume
|k v.56
|l 1989
|m A14812055181
|
| 952 |
f |
f |
|p ric
|a Texas A&M University
|b Rellis Campus
|c Joint Library Facility
|d Remote Storage
|t 0
|e F146 .P597
|h Library of Congress classification
|i unmediated -- volume
|k v.49/50
|l 1981/1982
|m A14833255097
|
| 952 |
f |
f |
|p ric
|a Texas A&M University
|b Rellis Campus
|c Joint Library Facility
|d Remote Storage
|t 0
|e F146 .P597
|h Library of Congress classification
|i unmediated -- volume
|k v.74
|l 2007
|m A14837127149
|
| 952 |
f |
f |
|p ric
|a Texas A&M University
|b Rellis Campus
|c Joint Library Facility
|d Remote Storage
|t 0
|e F146 .P597
|h Library of Congress classification
|i unmediated -- volume
|k v.55
|l 1988
|m A14812058260
|
| 952 |
f |
f |
|p ric
|a Texas A&M University
|b Rellis Campus
|c Joint Library Facility
|d Remote Storage
|t 0
|e F146 .P597
|h Library of Congress classification
|i unmediated -- volume
|k v.65
|l 1998
|m A14824882497
|
| 952 |
f |
f |
|p ric
|a Texas A&M University
|b Rellis Campus
|c Joint Library Facility
|d Remote Storage
|t 0
|e F146 .P597
|h Library of Congress classification
|i unmediated -- volume
|k v.71
|l 2004:Index:70
|m A14833720181
|
| 952 |
f |
f |
|p ric
|a Texas A&M University
|b Rellis Campus
|c Joint Library Facility
|d Remote Storage
|t 0
|e F146 .P597
|h Library of Congress classification
|i unmediated -- volume
|k v.70
|l 2003
|m A14832169390
|
| 952 |
f |
f |
|p ric
|a Texas A&M University
|b Rellis Campus
|c Joint Library Facility
|d Remote Storage
|t 0
|e F146 .P597
|h Library of Congress classification
|i unmediated -- volume
|k v.63
|l 1996
|m A14821043256
|
| 952 |
f |
f |
|p ric
|a Texas A&M University
|b Rellis Campus
|c Joint Library Facility
|d Remote Storage
|t 0
|e F146 .P597
|h Library of Congress classification
|i unmediated -- volume
|k v.58
|l 1991
|m A14815534396
|
| 998 |
f |
f |
|a F146 .P597
|s v.47-76 (1980-2009)
|t 0
|l Remote Storage
|